Saltar al contenido
VuFind
Lenguaje
English
Deutsch
Español
Français
Italiano
日本語
Nederlands
Português
Português (Brasil)
中文(简体)
中文(繁體)
Türkçe
עברית
Gaeilge
Cymraeg
Ελληνικά
Català
Euskara
Русский
Čeština
Suomi
Svenska
polski
Dansk
slovenščina
اللغة العربية
বাংলা
Galego
Tiếng Việt
Hrvatski
हिंदी
Todos los Campos
Título
Autor
Materia
Número de Clasificación
ISBN/ISSN
Etiqueta
Buscar
Avanzado
Restablecer filtros
Materias:
controlling
Restablecer filtros
Mostrar filtros (1)
Materias:
controlling
Buscar
Janjathiyon par grameen vikas...
Citar
Enviar este por Correo electrónico
Imprimir
Exportar Registro
Exportar a RefWorks
Exportar a EndNoteWeb
Exportar a EndNote
permanent_link
Cargando...
Janjathiyon par grameen vikas ka prabhav
Existencias
Descripción
Ejemplares similares
Vista Equipo
LEADER
00179 a2200097 4500
020
260
942
|c
BK
|6
_
245
|a
Janjathiyon par grameen vikas ka prabhav
100
999
|c
66631
|d
66631
Ejemplares similares
Bamgala par Hindi ka Prabhav
por: Brahmanand
Publicado: (1962)
Shreemadbhagwath ka Soordas par prabhav/
por: Vedaprakash Shastri
Publicado: (1979)
Tamas par rashtriyata ka prabhav
por: Bhavana B S
Publicado: (1996)
Shadadarshan par ashcharyotsyom ka prabhav/
por: Anula Maurya
Publicado: (2002)
Tamas par rashtriyata ka prabhav
por: Bhavana B S
Publicado: (1996)
Cargando...